000 00855nam a2200181Ia 4500
008 090123s9999 xx 000 0 und d
082 _b18950
100 _aपरुळेकर आशा
245 _aमुलांच्या सर्वांगिण विकासासाठी पालक मार्गदर्शिका
250 _a1
260 _bउन्मेष प्रकाशन
_c1989
300 _a144
600 _aपरुळेकर आशा
630 _aमुलांच्या सर्वांगिण विकासासाठी पालक मार्गदर्शिका
700 _aपरुळेकर आशा
730 _aमुलांच्या सर्वांगिण विकासासाठी पालक मार्गदर्शिका
942 _cBOOK
999 _c57015
_d57015